The last kids on Earth and the midnight blade / (Record no. 31356)

MARC details
000 -LEADER
fixed length control field 03413cam a2200697 i 4500
001 - CONTROL NUMBER
control field on1082460685
003 - CONTROL NUMBER IDENTIFIER
control field OCoLC
005 - DATE AND TIME OF LATEST TRANSACTION
control field 20251205021258.0
008 - FIXED-LENGTH DATA ELEMENTS--GENERAL INFORMATION
fixed length control field 191118s2019 nyuab j 000 1 eng d
010 ## - LIBRARY OF CONGRESS CONTROL NUMBER
LC control number 2019286930
020 ## - INTERNATIONAL STANDARD BOOK NUMBER
International Standard Book Number 9780425292112
Qualifying information (hardcover)
020 ## - INTERNATIONAL STANDARD BOOK NUMBER
International Standard Book Number 0425292118
Qualifying information (hardcover)
020 ## - INTERNATIONAL STANDARD BOOK NUMBER
International Standard Book Number 9780593117095
Qualifying information (B & N exclusive edition)
020 ## - INTERNATIONAL STANDARD BOOK NUMBER
International Standard Book Number 0593117093
Qualifying information (B & N exclusive edition)
020 ## - INTERNATIONAL STANDARD BOOK NUMBER
International Standard Book Number 9781338609783
Qualifying information hardback ;
-- Scholastic)
037 ## - SOURCE OF ACQUISITION
Source of stock number/acquisition Penguin Group USA, Order Processing Dept 120 Woodbine st, Bergenfield, NJ, USA, 07621
Note SAN 201-3975
040 ## - CATALOGING SOURCE
Original cataloging agency YDX
Language of cataloging eng
Description conventions rda
Transcribing agency DLC
Modifying agency OCLCO
-- LMJ
-- BDX
-- ZP7
-- OCLCF
-- OCLCQ
-- CNWPU
-- VZCPP
-- LML
-- OCLCA
-- ATXTM
-- TXSVP
-- CHILD
-- KJ6
-- SOM
-- ZGR
-- UtOrBLW
042 ## - AUTHENTICATION CODE
Authentication code lccopycat
050 00 - LIBRARY OF CONGRESS CALL NUMBER
Classification number PZ7.B7356
Item number Lav 2019
082 04 - DEWEY DECIMAL CLASSIFICATION NUMBER
Classification number [Fic]
Edition number 23
092 ## - LOCALLY ASSIGNED DEWEY CALL NUMBER (OCLC)
Classification number J BRALLIER
100 1# - MAIN ENTRY--PERSONAL NAME
Personal name Brallier, Max,
Relator term author.
245 14 - TITLE STATEMENT
Title The last kids on Earth and the midnight blade /
Statement of responsibility, etc. Max Brallier & Douglas Holgate.
246 30 - VARYING FORM OF TITLE
Title proper/short title Midnight blade.
264 #1 - PRODUCTION, PUBLICATION, DISTRIBUTION, MANUFACTURE, AND COPYRIGHT NOTICE
Place of production, publication, distribution, manufacture New York :
Name of producer, publisher, distributor, manufacturer Viking,
Date of production, publication, distribution, manufacture, or copyright notice 2019.
264 #4 - PRODUCTION, PUBLICATION, DISTRIBUTION, MANUFACTURE, AND COPYRIGHT NOTICE
Date of production, publication, distribution, manufacture, or copyright notice ℗♭2019.
300 ## - PHYSICAL DESCRIPTION
Extent 288 pages :
Other physical details illustrations, maps ;
Dimensions 22 cm.
336 ## - CONTENT TYPE
Content type term text
Content type code txt
Source rdacontent.
336 ## - CONTENT TYPE
Content type term still image
Content type code sti
Source rdacontent.
337 ## - MEDIA TYPE
Media type term unmediated
Media type code n
Source rdamedia.
338 ## - CARRIER TYPE
Carrier type term volume
Carrier type code nc
Source rdacarrier.
340 ## - PHYSICAL MEDIUM
Source rdaill.
490 1# - SERIES STATEMENT
Series statement The last kids on Earth ;
Volume/sequential designation 5.
500 ## - GENERAL NOTE
General note Series from title page; number from spine.
500 ## - GENERAL NOTE
General note "5"--Spine.
500 ## - GENERAL NOTE
General note "Netflix. A Netflix original series"--Cover.
520 ## - SUMMARY, ETC.
Summary, etc. Surviving their first winter after the Monster Apocalypse was no easy feat, yet Jack and his buddies waste no time springing to action against some of the nastiest, most evil monsters around. When Jack discovers his Louisville Slicer has new, otherworldly powers, he's thrown into epic training to find out what kind of destruction the blade can wield. But between fighting off zombies, fleeing from strange, glowy Vine-Thingies erupting from the ground, and squeezing in a video game session or two, there's barely time left to figure out what's wrong with their buddy, Dirk, who's been acting weird any time he's around the undead. When an unexpected villain appears, can Jack and his friends save themselves--and the rest of the world--from cosmic domination?
521 8# - TARGET AUDIENCE NOTE
Target audience note HL600L
Source Lexile.
521 3# - TARGET AUDIENCE NOTE
Target audience note Decoding demand: 92 (very high)
-- Semantic demand: 100 (very high)
-- Syntactic demand: 84 (very high)
-- Structure demand: 90 (very high)
Source Lexile.
526 0# - STUDY PROGRAM INFORMATION NOTE
Program name Accelerated Reader AR
Interest level MG
Reading level 4.3
Title point value 4.0
Public note Accelerated Reader Quiz #504189.
526 0# - STUDY PROGRAM INFORMATION NOTE
Program name Reading Counts
Interest level 3-5
Reading level 4.4
Title point value 9
Public note 77650.
526 0# - STUDY PROGRAM INFORMATION NOTE
Program name Lexile
Reading level 600L.
526 0# - STUDY PROGRAM INFORMATION NOTE
Program name Accelerated Reader AR
Interest level MG
Reading level 4.3
Title point value 4
Public note 504189.
526 0# - STUDY PROGRAM INFORMATION NOTE
Program name Accelerated Reader
Interest level MG
Reading level 4.3
Title point value 4
Public note 504189.
650 #0 - SUBJECT ADDED ENTRY--TOPICAL TERM
Topical term or geographic name as entry element Monsters
Form subdivision Juvenile fiction.
650 #0 - SUBJECT ADDED ENTRY--TOPICAL TERM
Topical term or geographic name as entry element Zombies
Form subdivision Juvenile fiction.
650 #0 - SUBJECT ADDED ENTRY--TOPICAL TERM
Topical term or geographic name as entry element Supervillains
Form subdivision Juvenile fiction.
650 #0 - SUBJECT ADDED ENTRY--TOPICAL TERM
Topical term or geographic name as entry element Weapons
Form subdivision Juvenile fiction.
650 #0 - SUBJECT ADDED ENTRY--TOPICAL TERM
Topical term or geographic name as entry element Survival
Form subdivision Juvenile fiction.
650 #1 - SUBJECT ADDED ENTRY--TOPICAL TERM
Topical term or geographic name as entry element Monsters
Form subdivision Fiction.
650 #1 - SUBJECT ADDED ENTRY--TOPICAL TERM
Topical term or geographic name as entry element Zombies
Form subdivision Fiction.
650 #1 - SUBJECT ADDED ENTRY--TOPICAL TERM
Topical term or geographic name as entry element Supervillains
Form subdivision Fiction.
650 #1 - SUBJECT ADDED ENTRY--TOPICAL TERM
Topical term or geographic name as entry element Weapons
Form subdivision Fiction.
650 #1 - SUBJECT ADDED ENTRY--TOPICAL TERM
Topical term or geographic name as entry element Humorous stories.
655 #0 - INDEX TERM--GENRE/FORM
Genre/form data or focus term Children's stories.
655 #7 - INDEX TERM--GENRE/FORM
Genre/form data or focus term Horror fiction.
Source of term lcgft.
655 #7 - INDEX TERM--GENRE/FORM
Genre/form data or focus term Humorous fiction.
Source of term lcgft.
700 1# - ADDED ENTRY--PERSONAL NAME
Personal name Holgate, Douglas,
Relator term illustrator.
800 1# - SERIES ADDED ENTRY--PERSONAL NAME
Personal name Brallier, Max.
Title of a work Last kids on Earth ;
Volume/sequential designation 5.
942 ## - ADDED ENTRY ELEMENTS (KOHA)
Source of classification or shelving scheme Dewey Decimal Classification
Koha item type Libro/Book
Holdings
Withdrawn status Lost status Damaged status Not for loan Home library Current library Date acquired Total Checkouts Full call number Barcode Checked out Date last seen Date checked out Price effective from Koha item type
        San Juan Del Sur -- Biblioteca San Juan Del Sur -- Biblioteca 05/12/2025 1 JFG 30023571 22/04/2026 15/04/2026 15/04/2026 05/12/2025 Libro/Book

Powered by Koha